000 00357 a2200169 4500
001 189286
020 _a978-85-357-1454-8
040 _cMagnum
100 _aBarros, Sônia
240 1 0 _aLetras cadentes
_lpor
245 1 0 _aLetras cadentes
300 _a30
362 0 _a2011
440 1 _aAtual
697 _aLITERATURA INFANTO-JUVENIL
942 _cBK
999 _c189286
_d189286